Maine Geography Quiz - Sudden Death - Statistics

General Stats
  • This quiz has been taken 242 times
  • The average score is 11 of 20
Answers on the Grid
Answers color-coded by a green-red scale on the quiz's grid according to % correct below.
Acadia National Park
Adirondack Mountains
Androscoggin River
Appalachian Mountains
Appalachian Trail
Atlantic Ocean
Augusta
Bangor
Bar Harbor
Bay of Fundy
Block Island
Brunswick
Caribou
Catskill Mountains
Delaware
Water Gap
Finger Lakes
Freeport
Gulf of Maine
Hudson River
Kennebec River
Kennebunk
Lake Champlain
Lake Erie
Lake Ontario
Lewiston
Montreal
Moosehead Lake
Mount Katahdin
Nashua
Niagara Falls
Nova Scotia
Penobscot River
Pocono Mountains
Portland
Schenectady
Scranton
Shenandoah National Park
St. John River
St. Lawrence River
Ticonderoga
 
Answer Stats
Answer % Correct
Acadia National Park
91%
Augusta
79%
Bangor
77%
Atlantic Ocean
74%
Appalachian Trail
73%
Bar Harbor
71%
Appalachian Mountains
59%
Kennebunk
59%
Portland
59%
Gulf of Maine
56%
Lewiston
56%
Androscoggin River
54%
Brunswick
50%
Caribou
50%
Freeport
50%
Kennebec River
46%
Moosehead Lake
38%
Penobscot River
38%
Mount Katahdin
36%
St. John River
17%
No matching quizzes found
Score Distribution
Percent of People with Each Score
Percentile by Number Answered
Your Score History
You have not taken this quiz